Que savez vous sur les pâtes ? - Statistiques

Statistiques générales
  • Ce quiz a été pris 130 fois
  • Le résultat moyen est 13 sur 40
Statistiques - réponses
Question Réponse % Correct
Pour obtenir des gnocchi on ajoute à une pâte à pâtes de la pomme de terre
81%
A partir de quel céréales sont fabriquées les pâtes italiennes ? du blé dur
81%
Quel ingrédient n'est pas indispensable pour faire des pâtes ? du poivre
77%
Il a longtemps été le symbole du cadeau de la Fête des mères c'est le collier de nouilles
62%
Les plus anciennes pâtes ont été retrouvées... En Chine
58%
Les pâtes seraient arrivées en Europe par la route de la soie
50%
Les pâtes dites sèches du commerce ont quand même un taux d'humidité de 12 %
46%
Pour faire des pâtes plates on peut utiliser... un laminoir
46%
Quelle marque n'est pas française ? Barilla
42%
Quel pourcentage des Français mange des pâtes au moins une fois par semaine ? 70 %
38%
Il existe des équivalents en Asie de trois de ces sortes de pâtes européennes, quelle est l'intruse ? Cannelloni
38%
Chez qui n'accepte-t-on pas d'oeuf fêlé selon une publicité de 1980 chez Lustucru
38%
En France, les pates ne peuvent plus être fabriquées qu'avec du blé dur depuis... 1934
35%
Les plus anciennes traces de pâtes alimentaires sont datées de - 2000 avant J.C.
35%
Les Français mangent-ils plus de pâtes que de riz ? 2 fois plus
35%
En Asie on fabrique des pâtes avec trois de ces quatre ingrédients, cochez l'intrus orge
35%
Don Patillo, personnage inspiré de Don Camillo fera la publicité pour Panzani
35%
En France, il se vend chaque seconde, 16 paquets de pâtes
31%
Germaine fera le publicité pour la marque... Lustucru
31%
Au 1er siècle, Apicius décrit un mets qui ressemble à des lasagnes
27%
Les pâtes arrivent en France au début du XVIe siècle
27%
Les pâtes les plus vendues en France en 2021 sont de la maque Panzani
27%
Entre 2019 et 2020, en France, les ventes de pâtes ont augmenté de 14 %
23%
Un cuisinier qui répertorie les recettes de pâtes en Italie parle pour la première foi de la cuisson al dente en 1837
23%
Quel pourcentage de Français préfère les spaghettis ? 23 %
23%
Quel pourcentage de Français est fidèle à une marque ? 26 %
23%
En Italie on consomme par an et par habitant 28 kg de pâtes
23%
Le terme "nouille" aussi utilisé pour désigner les pâtes est d'origine allemande
23%
Les Français achètent des pâtes en moyenne... 1 fois par mois
19%
En Sicile on consomme des pâtes sèches introduites par les Musulmans vers 800
19%
Les premières pâtes au blé complet sont commercialisées en France en 1993
15%
Quelle marque de pâtes a existé en France La Lune
15%
Le deuxième producteur mondial de pâtes après l'Italie est les Etats-Unis
15%
On voit apparaitre les premières pâtes farcies en Europe au XIVe siècle
15%
La France a produit en 2020 454000 tonnes de pâtes
12%
Les premières pâtes en boite en carton vendues en France à partir de 1900 sont les Rivoire et Carret
12%
Panzani innove en 1950 en emballant ses pâtes dans du cellophane
4%
Le type de pâtes le plus vendu en France est les fusillis
4%
La première usine de pâtes de la marque Panzani a ouvert à Parthenay
4%
L'inventeur de la Floraline est Rivoire et Carret
4%
Aucun quiz correspondant
Distribution des résultats
% des personnes avec chaque résultat
Percentile par nombre de réponses
Votre historique - résultats
Vous n’avez pas pris ce quiz